[Event "1.FrauenBL 2018-19"]
[Site "Berlin"]
[Date "2019.03.03"]
[Round "11.7"]
[White "Mar, Karmen"]
[Black "Duessler, Stefanie"]
[Result "0-1"]
[WhiteElo "2033"]
[BlackElo "2105"]
[Annotator "NA"]
[PlyCount "190"]
[EventDate "2018.10.27"]
[EventType "team-tourn"]
[EventCountry "GER"]
[SourceTitle "playchess.com"]
[Source "ChessBase"]
[SourceQuality "1"]
[WhiteTeam "Hofheim"]
[BlackTeam "SK Lehrte"]
[TimeControl "40/5400+30:1800+30"]

1. e4 {[%emt 0:00:03]} c5 {[%emt 0:00:06]} 2. Nf3 {[%emt 0:00:03]} e6 {[%emt 0:00:00]} 3. g3 {[%emt 0:00:05]} Nc6 {[%emt 0:00:30]} 4. Bg2 {[%emt 0:00:51]} g6 {[%emt 0:00:00]} 5. d4 {[%emt 0:04:00]} Bg7 {[%emt 0:03:56]} 6. dxc5 {[%emt 0:24:02]} Qa5+ {[%emt 0:03:35]} 7. c3 {[%emt 0:00:30]} Qxc5 {[%emt 0:00:04]} 8. O-O {[%emt 0:00:29]} Nf6 {[%emt 0:21:22]} 9. Qe2 {[%emt 0:06:48]} d5 {[%emt 0:00:00]} 10. Nbd2 {[%emt 0:12:47]} Nxe4 {[%emt 0:00:00]} 11. Nxe4 {[%emt 0:00:33]} dxe4 {[%emt 0:00:00]} 12. Qxe4 {[%emt 0:00:49]} O-O {[%emt 0:00:00]} 13. Rd1 {[%emt 0:14:53]} e5 {[%emt 0:35:50]} 14. Qh4 {[%emt 0:00:00]} f6 {[%emt 0:00:00]} 15. Be3 {[%emt 0:08:31]} Qe7 {[%emt 0:00:00]} 16. b4 {[%emt 0:03:59]} Re8 {[%emt 0:12:30]} 17. Bc5 {[%emt 0:05:27]} Qf7 {[%emt 0:00:00]} 18. Ne1 {[%emt 0:06:27]} Be6 {[%emt 0:11:54]} 19. b5 {[%emt 0:01:11]} Nd8 {[%emt 0:00:00]} 20. Qb4 {[%emt 0:00:00]} Bf8 {[%emt 0:00:00]} 21. Nc2 {[%emt 0:04:28]} Rc8 {[%emt 0:00:00]} 22. Bd6 {[%emt 0:00:00]} Bxd6 {[%emt 0:00:00]} 23. Rxd6 {[%emt 0:01:17]} Qc7 {[%emt 0:00:00]} 24. Rad1 {[%emt 0:01:08]} Nf7 {[%emt 0:08:04]} 25. R6d2 {[%emt 0:01:51]} f5 {[%emt 0:00:00]} 26. Ne3 {[%emt 0:00:54]} e4 {[%emt 0:00:00]} 27. c4 {[%emt 0:00:44]} Qc5 {[%emt 0:00:00]} 28. Qb2 {[%emt 0:00:47]} Ne5 {[%emt 0:00:51]} 29. Nd5 {[%emt 0:01:03]} Nxc4 {[%emt 0:04:28]} 30. Nf6+ {[%emt 0:00:12]} Kf7 {[%emt 0:00:00]} 31. Qa1 {[%emt 0:01:15]} Nxd2 {[%emt 0:00:00]} 32. Nxe8 {[%emt 0:00:16]} Rxe8 {[%emt 0:00:00]} 33. Rxd2 {[%emt 0:00:11]} Rc8 {[%emt 0:01:54]} 34. Bf1 {[%emt 0:00:36]} Qc3 {[%emt 0:00:00]} 35. Qe1 {[%emt 0:00:00]} Rc7 {[%emt 0:00:00]} 36. h4 {[%emt 0:01:33]} Ke7 {[%emt 0:00:54]} 37. a4 {[%emt 0:00:34]} Kf6 {[%emt 0:00:46]} 38. Qd1 {[%emt 0:00:33]} Qc1 {[%emt 0:00:03]} 39. Qxc1 {[%emt 0:00:33]} Rxc1 {[%emt 0:00:02]} 40. Kg2 {[%emt 0:00:23]} Ra1 {[%emt 0:00:54]} 41. Rd4 {[%emt 0:00:00]} Ke5 {[%emt 0:06:03]} 42. Rb4 {[%emt 0:09:07]} b6 {[%emt 0:00:00]} 43. Bc4 {[%emt 0:01:22]} Bd5 {[%emt 0:05:59]} 44. Bxd5 {[%emt 0:09:05]} Kxd5 {[%emt 0:00:00]} 45. Rb2 {[%emt 0:00:20]} Rxa4 {[%emt 0:09:25]} 46. Rd2+ {[%emt 0:00:23]} Rd4 {[%emt 0:00:00]} 47. Ra2 {[%emt 0:00:34]} Kc5 {[%emt 0:00:00]} 48. Rxa7 {[%emt 0:00:32]} h5 {[%emt 0:00:00]} 49. Re7 {[%emt 0:00:00]} Rd6 {[%emt 0:00:00]} 50. Re5+ {[%emt 0:02:33]} Kd4 {[%emt 0:00:00]} 51. Re8 {[%emt 0:00:41]} Kd5 {[%emt 0:00:00]} 52. Rc8 {[%emt 0:01:41]} Re6 {[%emt 0:00:00]} 53. Rc3 {[%emt 0:00:44]} Kd4 {[%emt 0:00:00]} 54. Rc6 {[%emt 0:00:21]} Ke5 {[%emt 0:00:00]} 55. Rc8 {[%emt 0:01:07]} f4 {[%emt 0:00:00]} 56. gxf4+ {[%emt 0:01:22]} Kxf4 {[%emt 0:00:00]} 57. Rc6 {[%emt 0:00:00]} Ke5 {[%emt 0:00:00]} 58. Rc8 {[%emt 0:01:40]} Rf6 {[%emt 0:11:38]} 59. Rc7 {[%emt 0:02:54]} Kf5 {[%emt 0:00:00]} 60. Kg3 {[%emt 0:01:05]} g5 {[%emt 0:00:00]} 61. hxg5 {[%emt 0:00:00]} Kxg5 {[%emt 0:00:00]} 62. Rc6 {[%emt 0:00:00]} h4+ {[%emt 0:00:00]} 63. Kg2 {[%emt 0:03:56]} Kf5 {[%emt 0:07:55]} 64. Rc8 {[%emt 0:00:31]} Kf4 {[%emt 0:00:00]} 65. Rc6 {[%emt 0:00:56]} Ke5 {[%emt 0:01:27]} 66. Rc8 {[%emt 0:00:40]} h3+ {[%emt 0:00:00]} 67. Kxh3 {[%emt 0:01:35]} Rxf2 {[%emt 0:00:00]} 68. Kg3 {[%emt 0:00:52]} Rf6 {[%emt 0:03:07]} 69. Rc3 {[%emt 0:00:37]} Rd6 {[%emt 0:00:37]} 70. Kf2 {[%emt 0:00:17]} Rd5 {[%emt 0:00:00]} 71. Rb3 {[%emt 0:00:33]} Rd2+ {[%emt 0:00:00]} 72. Ke3 {[%emt 0:00:00]} Rh2 {[%emt 0:00:00]} 73. Rb4 {[%emt 0:01:12]} Rh3+ {[%emt 0:00:00]} 74. Ke2 {[%emt 0:00:09]} Kd5 {[%emt 0:00:00]} 75. Kd2 {[%emt 0:00:36]} Rd3+ {[%emt 0:00:00]} 76. Ke2 {[%emt 0:00:19]} Rd4 {[%emt 0:03:06]} 77. Rb1 {[%emt 0:00:18]} Kc5 {[%emt 0:00:00]} 78. Ke3 {[%emt 0:00:00]} Rb4 {[%emt 0:00:00]} 79. Rh1 {[%emt 0:01:30]} Kxb5 {[%emt 0:00:00]} 80. Rh8 {[%emt 0:00:36]} Rc4 {[%emt 0:02:24]} 81. Rb8 {[%emt 0:00:28]} Ka5 {[%emt 0:00:00]} 82. Ra8+ {[%emt 0:00:00]} Kb4 {[%emt 0:00:00]} 83. Ra1 {[%emt 0:00:54]} b5 {[%emt 0:00:00]} 84. Rb1+ {[%emt 0:00:10]} Kc5 {[%emt 0:00:00]} 85. Rh1 {[%emt 0:00:44]} b4 {[%emt 0:00:00]} 86. Rh5+ {[%emt 0:00:05]} Kc6 {[%emt 0:00:00]} 87. Rh8 {[%emt 0:00:00]} Kb5 {[%emt 0:00:00]} 88. Ra8 {[%emt 0:01:37]} b3 {[%emt 0:00:00]} 89. Rb8+ {[%emt 0:00:16]} Ka4 {[%emt 0:00:00]} 90. Ra8+ {[%emt 0:00:35]} Kb4 {[%emt 0:00:00]} 91. Kd2 {[%emt 0:00:14]} b2 {[%emt 0:00:24]} 92. Rb8+ {[%emt 0:00:59]} Ka3 {[%emt 0:00:08]} 93. Ra8+ {[%emt 0:00:30]} Kb3 {[%emt 0:06:00]} 94. Rb8+ {[%emt 0:00:13]} Rb4 {[%emt 0:00:00]} 95. Ke1 {d3 [%clk ]} Z0 {f4 [%clk ] --- [%clk ] Kc2 [%clk ] --- [%clk ] Qa2 [%clk ]} 0-1

[Event "1.FrauenBL 2018-19"]
[Site "Berlin"]
[Date "2019.03.03"]
[Round "11.8"]
[White "Rapport, Jovana"]
[Black "Arakhamia-Grant, Ketevan"]
[Result "1/2-1/2"]
[WhiteElo "2388"]
[BlackElo "2359"]
[Annotator "NA"]
[PlyCount "150"]
[EventDate "2018.10.27"]
[EventType "team-tourn"]
[EventCountry "GER"]
[SourceTitle "playchess.com"]
[Source "ChessBase"]
[SourceQuality "1"]
[WhiteTeam "SK Schwaebisch Hall"]
[BlackTeam "OSG Baden-Baden"]
[TimeControl "40/5400+30:1800+30"]

1. d4 {[%emt 0:00:04]} Nf6 {[%emt 0:00:09]} 2. Nf3 {[%emt 0:00:08]} g6 {[%emt 0:00:48]} 3. g3 {[%emt 0:00:07]} Bg7 {[%emt 0:03:18]} 4. Bg2 {[%emt 0:00:08]} c5 {[%emt 0:00:38]} 5. dxc5 {[%emt 0:00:14]} Qa5+ {[%emt 0:01:31]} 6. Nfd2 {[%emt 0:00:10]} Qxc5 {[%emt 0:01:08]} 7. Nb3 {[%emt 0:00:08]} Qc7 {[%emt 0:00:55]} 8. Nc3 {[%emt 0:00:07]} Nc6 {[%emt 0:02:05]} 9. Bg5 {[%emt 0:00:29]} Qd8 {[%emt 0:03:28]} 10. Qd2 {[%emt 0:00:46]} h6 {[%emt 0:06:28]} 11. Bf4 {[%emt 0:14:30]} d6 {[%emt 0:01:19]} 12. Rb1 {[%emt 0:03:43]} g5 {[%emt 0:16:18]} 13. Be3 {[%emt 0:00:21]} Ng4 {[%emt 0:00:15]} 14. Bd4 {[%emt 0:05:58]} Nxd4 {[%emt 0:07:34]} 15. Nxd4 {[%emt 0:00:21]} a6 {[%emt 0:03:55]} 16. h3 {[%emt 0:10:48]} Ne5 {[%emt 0:01:16]} 17. b3 {[%emt 0:00:06]} e6 {[%emt 0:02:55]} 18. e4 {[%emt 0:02:03]} b5 {[%emt 0:10:27]} 19. O-O {[%emt 0:08:18]} Bb7 {[%emt 0:01:11]} 20. Rfd1 {[%emt 0:00:07]} Qb6 {[%emt 0:01:18]} 21. a4 {[%emt 0:02:47]} Nc6 {[%emt 0:16:07]} 22. Nf3 {[%emt 0:15:09]} O-O {[%emt 0:01:54]} 23. Ne2 {[%emt 0:02:39]} Rad8 {[%emt 0:04:04]} 24. axb5 {[%emt 0:07:41]} axb5 {[%emt 0:00:06]} 25. Nh2 {[%emt 0:10:34]} Qc5 {[%emt 0:03:14]} 26. Nf1 {[%emt 0:00:37]} Ne7 {[%emt 0:09:10]} 27. Qe3 {[%emt 0:04:17]} Ng6 {[%emt 0:01:38]} 28. c3 {[%emt 0:00:59]} Rc8 {[%emt 0:00:46]} 29. Rbc1 {[%emt 0:02:59]} Rfd8 {[%emt 0:00:09]} 30. Rd2 {[%emt 0:03:52]} Be5 {[%emt 0:00:34]} 31. Rcd1 {[%emt 0:02:17]} Qxe3 {[%emt 0:00:15]} 32. Nxe3 {[%emt 0:00:03]} h5 {[%emt 0:00:05]} 33. Rc2 {[%emt 0:01:08]} Ra8 {[%emt 0:00:56]} 34. Nd4 {[%emt 0:00:11]} Ra3 {[%emt 0:00:59]} 35. Rb2 {[%emt 0:00:01]} Bxd4 {[%emt 0:00:31]} 36. Rxd4 {[%emt 0:00:21]} Ne5 {[%emt 0:00:11]} 37. Rd1 {[%emt 0:02:06]} Kf8 {[%emt 0:00:27]} 38. Nc2 {[%emt 0:00:29]} Raa8 {[%emt 0:00:54]} 39. Nd4 {[%emt 0:00:01]} Ba6 {[%emt 0:00:32]} 40. Ra2 {[%emt 0:00:26]} Rdb8 {[%emt 0:00:29]} 41. Rda1 {[%emt 0:31:00]} Bb7 {[%emt 0:02:15]} 42. Rxa8 {[%emt 0:00:00]} Bxa8 {[%emt 0:00:15]} 43. b4 {[%emt 0:00:00]} g4 {[%emt 0:14:19]} 44. hxg4 {[%emt 0:00:00]} hxg4 {[%emt 0:00:15]} 45. Kf1 {[%emt 0:00:00]} Bc6 {[%emt 0:04:13]} 46. Ra6 {[%emt 0:00:00]} Be8 {[%emt 0:03:13]} 47. Ke1 {[%emt 0:00:00]} Rc8 {[%emt 0:01:54]} 48. Kd2 {[%emt 0:00:00]} Ke7 {[%emt 0:00:09]} 49. Bf1 {[%emt 0:00:00]} Rb8 {[%emt 0:04:19]} 50. Kc2 {[%emt 0:00:00]} Bd7 {[%emt 0:00:31]} 51. Be2 {[%emt 0:00:00]} Rh8 {[%emt 0:01:19]} 52. Ra1 {[%emt 0:00:00]} Rh2 53. Rf1 {[%emt 0:00:00]} Nc4 {[%emt 0:01:47]} 54. Bxc4 {[%emt 0:00:27]} bxc4 {[%emt 0:00:01]} 55. Kd2 {[%emt 0:00:04]} Kd8 {[%emt 0:02:36]} 56. Ke3 {[%emt 0:00:17]} Kc7 {[%emt 0:00:12]} 57. Ra1 {[%emt 0:00:12]} Kb7 {[%emt 0:00:20]} 58. Nc2 {[%emt 0:00:16]} Rh8 {[%emt 0:01:01]} 59. Kd4 {[%emt 0:00:20]} Rc8 {[%emt 0:00:38]} 60. Ra5 {[%emt 0:00:13]} e5+ {[%emt 0:00:24]} 61. Ke3 {[%emt 0:00:06]} f5 {[%emt 0:00:39]} 62. Rd5 {[%emt 0:02:51]} Kc7 {[%emt 0:00:34]} 63. exf5 {[%emt 0:04:12]} Bxf5 {[%emt 0:00:01]} 64. Na3 {[%emt 0:00:04]} Kc6 {[%emt 0:00:29]} 65. Ra5 {[%emt 0:00:08]} Kb6 {[%emt 0:01:05]} 66. Rd5 {[%emt 0:00:01]} Kc6 {[%emt 0:00:12]} 67. Ra5 {[%emt 0:00:04]} Bd3 {[%emt 0:00:30]} 68. Ra6+ {[%emt 0:00:11]} Kb7 {[%emt 0:00:43]} 69. Rxd6 {[%emt 0:01:17]} Ra8 {[%emt 0:00:33]} 70. Rxd3 {[%emt 0:00:22]} cxd3 {[%emt 0:00:11]} 71. Nc4 {[%emt 0:00:01]} Rf8 {[%emt 0:00:49]} 72. Kxd3 {[%emt 0:00:16]} Rxf2 {[%emt 0:00:28]} 73. Nxe5 {[%emt 0:00:04]} Rg2 {[%emt 0:00:20]} 74. Nxg4 {[%emt 0:00:06]} Rxg3+ {[%emt 0:00:00]} 75. Ne3 {[%emt 0:00:02]} Kc6 {[%emt 0:00:37]} 1/2-1/2

[Event "1.FrauenBL 2018-19"]
[Site "Berlin"]
[Date "2019.03.03"]
[Round "11.8"]
[White "Santeramo, Alessia"]
[Black "Khademalsharieh, Sarasadat"]
[Result "0-1"]
[WhiteElo "2060"]
[BlackElo "2482"]
[Annotator "TA"]
[PlyCount "68"]
[EventDate "2018.10.27"]
[EventType "team-tourn"]
[EventCountry "GER"]
[SourceTitle "playchess.com"]
[Source "ChessBase"]
[SourceQuality "1"]
[WhiteTeam "FC Bayern Muenchen"]
[BlackTeam "Hamburger SK"]

{[%evp 22,68,17,6,11,21,40,16,37,0,28,31,45,36,45,0,0,0,0,-220,-238,-235,0,0,0,0,0,0,0,-161,-165,-150,-164,-162,-137,-210,-208,-216,-215,-314,-312,-470,-454,-960,-945,-943,-883,-1028,-1017]} 1. e4 e5 2. Nf3 Nc6 3. Bb5 g6 4. d4 exd4 5. Bg5 Be7 6. Bxe7 Qxe7 7. Bxc6 dxc6 8. Qxd4 Nf6 9. Nc3 {[%cal Bb1c3,Bc3e2,Be2g3,Bg3f5][%mdl 32]} Bg4 {C60: Ruy Lopez: Unusual Black 3rd moves and 3...g6} 10. O-O-O (10. Nd2 c5 11. Qe3 O-O-O 12. f3 Be6 13. O-O-O b6 14. Rhe1 Kb8 15. h3 Rd4 16. f4 Rhd8 17. g4 {0-1 (42) Guseinov,G (2664)-Esipenko,A (2593) Skopje 2018}) 10... Bxf3 11. gxf3 O-O 12. Qe3 {LiveBook: 8 Games} Nh5 13. Ne2 Qe5 $146 ({Predecessor:} 13... Rfd8 14. Ng3 Nxg3 15. hxg3 b6 16. f4 a5 17. Rxd8+ {½-½ (17) Feher,G (2380)-Zupe,M (2350) Eger 1993}) 14. h4 Rae8 15. Rhg1 Qf6 16. Ng3 {Nxh5 is the strong threat.} Re5 17. Nf5 {aiming for Nh6+.} Kh8 18. Qh6 {[%cal Rh6f8]} Rfe8 19. Rd7 $1 Qe6 20. Re7 $2 (20. Rgd1 $1 $11 {and White stays safe.}) 20... Qxa2 $19 21. Rxe5 {[%cal Re5e8]} Qa1+ $2 ({Black should play} 21... Rd8 $19 {[%cal Ra2a1]} 22. Ra5 Qxa5) 22. Kd2 $11 {[%cal Re5e8]} Rd8+ 23. Kc3 $1 Qxg1 24. Qd2 $1 {[%cal Rd2d8]} Rf8 $36 {[%mdl 2048] Black is pushing.} 25. Nh6 $2 (25. Qh6 $1 $11 Ra8 26. Ne3) 25... Qh1 $1 $19 {[%cal Rh1f3]} 26. Qe3 Qxh4 27. Qc5 {[%cal Rc5f8]} Kg7 $1 {Strongly threatening ...Nf4.} ({Don't take} 27... Qd8 28. Re7 $17) 28. Rg5 {[#]} (28. Nf5+ $17 gxf5 29. Rxf5) 28... Ng3 $1 ({Worse is} 28... Kxh6 {[#]} 29. Rxh5+ $1 {[%mdl 512]} Qxh5 30. Qxf8+ Kg5 31. Qd8+ Kh6 32. Qf8+ Kg5 33. Qd8+ Kh6 34. Qf8+ $11) 29. fxg3 Qxh6 {KQR-KQR} 30. f4 (30. Qd4+ $142 Kg8 31. Ra5) 30... f6 31. Qd4 (31. Rg4 $142 Qh3 32. Qf5) 31... Qh3 {Black is clearly winning.} 32. Kb4 (32. Ra5 $142 Qxg3+ 33. Kc4) 32... b6 33. Qc3 Kg8 34. Qc4+ Rf7 {Precision: White = 34%, Black = 76%.} 0-1

[Event "1.FrauenBL 2018-19"]
[Site "Berlin"]
[Date "2019.03.03"]
[Round "11.8"]
[White "Boehm, Jana"]
[Black "Winterholler, Christina"]
[Result "0-1"]
[WhiteElo "2004"]
[BlackElo "2058"]
[Annotator "NA"]
[PlyCount "48"]
[EventDate "2018.10.27"]
[EventType "team-tourn"]
[EventCountry "GER"]
[SourceTitle "playchess.com"]
[Source "ChessBase"]
[SourceQuality "1"]
[WhiteTeam "SK Lehrte"]
[BlackTeam "Hofheim"]
[TimeControl "40/5400+30:1800+30"]

1. e4 {[%emt 0:00:02]} e5 {[%emt 0:04:21]} 2. Nf3 {[%emt 0:00:05]} Nc6 {[%emt 0:00:21]} 3. Bb5 {[%emt 0:00:04]} a6 {[%emt 0:00:09]} 4. Ba4 {[%emt 0:00:04]} Nf6 {[%emt 0:00:11]} 5. d3 {[%emt 0:00:16]} b5 {[%emt 0:05:25]} 6. Bb3 {[%emt 0:00:05]} h6 {[%emt 0:08:38]} 7. O-O {[%emt 0:03:34]} Bc5 {[%emt 0:08:16]} 8. c3 {[%emt 0:01:55]} O-O {[%emt 0:02:13]} 9. Re1 {[%emt 0:05:17]} d6 {[%emt 0:07:40]} 10. h3 {[%emt 0:04:03]} Ba7 {[%emt 0:14:26]} 11. Nbd2 {[%emt 0:04:11]} Ne7 {[%emt 0:05:17]} 12. Nf1 {[%emt 0:01:48]} Ng6 {[%emt 0:02:07]} 13. Ng3 {[%emt 0:02:05]} c6 {[%emt 0:10:23]} 14. a4 {[%emt 0:06:13]} Bd7 {[%emt 0:08:35]} 15. Bd2 {[%emt 0:13:39]} Qc8 {[%emt 0:03:02]} 16. Ra2 {[%emt 0:07:58]} Bxh3 {[%emt 0:10:16]} 17. axb5 {[%emt 0:07:47]} Bg4 {[%emt 0:04:53]} 18. bxc6 {[%emt 0:03:42]} Nh4 {[%emt 0:00:44]} 19. Bd5 {[%emt 0:01:22]} Nxd5 {[%emt 0:02:01]} 20. exd5 {[%emt 0:00:40]} Bxf3 {[%emt 0:00:14]} 21. Qa4 {[%emt 0:03:31]} Nxg2 {[%emt 0:00:17]} 22. Rea1 {[%emt 0:02:42]} Qh3 {[%emt 0:00:34]} 23. Kf1 {[%emt 0:00:33]} Nf4+ {[%emt 0:00:30]} 24. Ke1 {[%emt 0:00:06]} Nxd3# {[%emt 0:00:13] --- [%clk ] Nc1 [%clk ] Bxc1 [%clk ] Bd1 [%clk ] Qxd1 [%clk ] Bd2+ [%clk ]} 0-1

[Event "1.FrauenBL 2018-19"]
[Site "Berlin"]
[Date "2019.03.03"]
[Round "11.9"]
[White "Hoolt, Sarah"]
[Black "Mayrhuber, Nikola"]
[Result "1-0"]
[WhiteElo "2324"]
[BlackElo "1983"]
[Annotator "NA"]
[PlyCount "59"]
[EventDate "2018.10.27"]
[EventType "team-tourn"]
[EventCountry "GER"]
[SourceTitle "playchess.com"]
[Source "ChessBase"]
[SourceQuality "1"]
[WhiteTeam "Hamburger SK"]
[BlackTeam "FC Bayern Muenchen"]
[TimeControl "40/5400+30:1800+30"]

1. e4 {[%emt 0:00:02]} c6 {[%emt 0:00:05]} 2. d4 {[%emt 0:00:05]} d5 {[%emt 0:00:04]} 3. f3 {[%emt 0:00:09]} e6 {[%emt 0:01:09]} 4. Nc3 {[%emt 0:01:00]} Nf6 {[%emt 0:00:20]} 5. Bf4 {[%emt 0:00:45]} Be7 {[%emt 0:01:39]} 6. Qd2 {[%emt 0:01:37]} O-O {[%emt 0:01:37]} 7. Nge2 {[%emt 0:03:08]} b6 {[%emt 0:05:04]} 8. O-O-O {[%emt 0:00:59]} Ba6 {[%emt 0:04:09]} 9. h4 {[%emt 0:05:06]} Bc4 {[%emt 0:16:33]} 10. Ng3 {[%emt 0:15:41]} b5 {[%emt 0:04:28]} 11. e5 {[%emt 0:04:25]} Nfd7 {[%emt 0:00:42]} 12. Nh5 {[%emt 0:01:30]} g6 {[%emt 0:03:03]} 13. Bxc4 {[%emt 0:10:41]} bxc4 {[%emt 0:00:52]} 14. Ng3 {[%emt 0:02:17]} c5 {[%emt 0:02:16]} 15. dxc5 {[%emt 0:09:50]} Nxc5 {[%emt 0:01:35]} 16. Bh6 {[%emt 0:06:06]} Re8 {[%emt 0:01:35]} 17. Qf4 {[%emt 0:01:04]} Nc6 {[%emt 0:11:40]} 18. Nge4 {[%emt 0:16:43]} Nxe4 {[%emt 0:04:07]} 19. Nxe4 {[%emt 0:02:09]} Qc7 {[%emt 0:04:55]} 20. Nd6 {[%emt 0:02:26]} Bxd6 {[%emt 0:14:51]} 21. exd6 {[%emt 0:00:11]} Qd8 {[%emt 0:00:41]} 22. d7 {[%emt 0:02:04]} Rf8 {[%emt 0:02:39]} 23. Bxf8 {[%emt 0:04:32]} Qxf8 {[%emt 0:01:38]} 24. c3 {[%emt 0:01:15]} Qd8 {[%emt 0:02:54]} 25. Qd6 {[%emt 0:03:04]} Nb8 {[%emt 0:00:50]} 26. h5 {[%emt 0:00:39]} Nxd7 {[%emt 0:01:00]} 27. hxg6 {[%emt 0:00:29]} hxg6 {[%emt 0:00:18]} 28. Qh2 {[%emt 0:02:47]} Qf6 {[%emt 0:03:38]} 29. Qh7+ {[%emt 0:00:25]} Kf8 {[%emt 0:00:17]} 30. Qh8+ {[%emt 0:00:07]} 1-0

[Event "1.FrauenBL 2018-19"]
[Site "Berlin"]
[Date "2019.03.03"]
[Round "11.9"]
[White "Georgescu, Lena"]
[Black "Shvayger, Yuliya"]
[Result "1/2-1/2"]
[WhiteElo "2185"]
[BlackElo "2368"]
[Annotator "NA"]
[PlyCount "63"]
[EventDate "2018.10.27"]
[EventType "team-tourn"]
[EventCountry "GER"]
[SourceTitle "playchess.com"]
[Source "ChessBase"]
[SourceQuality "1"]
[WhiteTeam "Karlsruher SF"]
[BlackTeam "SF Deizisau"]
[TimeControl "40/5400+30:1800+30"]

1. e4 {[%emt 0:00:00]} c5 {[%emt 0:00:07]} 2. Nf3 {[%emt 0:00:07]} Nc6 {[%emt 0:00:27]} 3. Nc3 {[%emt 0:00:06]} g6 {[%emt 0:00:15]} 4. d4 {[%emt 0:00:36]} cxd4 {[%emt 0:00:54]} 5. Nxd4 {[%emt 0:00:00]} Bg7 {[%emt 0:00:27]} 6. Be3 {[%emt 0:01:21]} Nf6 {[%emt 0:00:26]} 7. Bc4 {[%emt 0:00:26]} O-O {[%emt 0:00:35]} 8. Bb3 {[%emt 0:00:35]} d5 {[%emt 0:00:37]} 9. exd5 {[%emt 0:00:00]} Na5 {[%emt 0:00:12]} 10. O-O {[%emt 0:00:09]} Nxb3 {[%emt 0:05:01]} 11. Nxb3 {[%emt 0:00:23]} b6 {[%emt 0:00:08]} 12. d6 {[%emt 0:01:54]} exd6 {[%emt 0:00:00]} 13. Bg5 {[%emt 0:18:19]} Bb7 {[%emt 0:07:48]} 14. Qd2 {[%emt 0:09:41]} Qd7 {[%emt 0:16:27]} 15. f3 {[%emt 0:06:19]} Rfe8 {[%emt 0:06:02]} 16. Rad1 {[%emt 0:02:26]} d5 {[%emt 0:00:24]} 17. Nd4 {[%emt 0:03:14]} Rac8 {[%emt 0:01:51]} 18. Kh1 {[%emt 0:04:30]} h5 {[%emt 0:07:55]} 19. Rfe1 {[%emt 0:00:00]} Nh7 {[%emt 0:07:08]} 20. Bh6 {[%emt 0:00:00]} Bh8 {[%emt 0:03:27]} 21. Nce2 {[%emt 0:14:55]} Nf8 {[%emt 0:00:00]} 22. c3 {[%emt 0:00:58]} Ne6 {[%emt 0:00:00]} 23. Nxe6 {[%emt 0:02:14]} Rxe6 {[%emt 0:03:49]} 24. Nd4 {[%emt 0:01:20]} Rxe1+ {[%emt 0:01:04]} 25. Rxe1 {[%emt 0:00:26]} Re8 {[%emt 0:04:25]} 26. Kg1 {[%emt 0:06:22]} Ba6 {[%emt 0:00:00]} 27. Kf2 {[%emt 0:00:00]} Kh7 {[%emt 0:03:03]} 28. Bf4 {[%emt 0:07:18]} Bf6 {[%emt 0:10:37]} 29. Rxe8 {[%emt 0:02:36]} Qxe8 {[%emt 0:00:00]} 30. Bg5 {[%emt 0:00:28]} Bg7 {[%emt 0:03:15]} 31. Bf4 {[%emt 0:00:00]} Bf6 {[%emt 0:11:43]} 32. Bg5 {[%emt 0:11:24]} 1/2-1/2

[Event "1.FrauenBL 2018-19"]
[Site "Berlin"]
[Date "2019.03.03"]
[Round "11.9"]
[White "Kushka, Alena"]
[Black "Manusina, Nicole"]
[Result "1/2-1/2"]
[WhiteElo "2158"]
[BlackElo "1988"]
[Annotator "NA"]
[PlyCount "53"]
[EventDate "2018.10.27"]
[EventType "team-tourn"]
[EventCountry "GER"]
[SourceTitle "playchess.com"]
[Source "ChessBase"]
[SourceQuality "1"]
[WhiteTeam "Hofheim"]
[BlackTeam "SK Lehrte"]
[TimeControl "40/5400+30:1800+30"]

1. d4 {[%emt 0:00:03]} d5 {[%emt 0:00:07]} 2. c4 {[%emt 0:00:04]} e6 {[%emt 0:00:05]} 3. Nc3 {[%emt 0:00:05]} Be7 {[%emt 0:00:05]} 4. cxd5 {[%emt 0:00:07]} exd5 {[%emt 0:00:06]} 5. Bf4 {[%emt 0:00:07]} c6 {[%emt 0:00:53]} 6. e3 {[%emt 0:00:14]} Nf6 {[%emt 0:00:18]} 7. Bd3 {[%emt 0:00:24]} O-O {[%emt 0:01:15]} 8. Nf3 {[%emt 0:04:23]} Nbd7 {[%emt 0:02:26]} 9. h3 {[%emt 0:03:21]} Re8 {[%emt 0:00:13]} 10. Qc2 {[%emt 0:04:44]} Nf8 {[%emt 0:01:57]} 11. O-O {[%emt 0:04:32]} Nh5 {[%emt 0:10:22]} 12. Bh2 {[%emt 0:04:38]} g6 {[%emt 0:08:54]} 13. Rab1 {[%emt 0:07:59]} Bd6 {[%emt 0:13:16]} 14. Bxd6 {[%emt 0:08:04]} Qxd6 {[%emt 0:00:12]} 15. b4 {[%emt 0:00:59]} f5 {[%emt 0:11:42]} 16. Ne5 {[%emt 0:10:20]} f4 {[%emt 0:02:17]} 17. Ne2 {[%emt 0:08:53]} Qf6 {[%emt 0:06:58]} 18. exf4 {[%emt 0:20:07]} Nxf4 {[%emt 0:00:34]} 19. Nxf4 {[%emt 0:00:04]} Qxf4 {[%emt 0:00:09]} 20. b5 {[%emt 0:03:19]} Ne6 {[%emt 0:10:40]} 21. Nf3 {[%emt 0:01:52]} Bd7 {[%emt 0:02:12]} 22. bxc6 {[%emt 0:00:43]} Bxc6 {[%emt 0:01:22]} 23. Bb5 {[%emt 0:07:06]} Rac8 {[%emt 0:05:30]} 24. Bxc6 {[%emt 0:00:06]} bxc6 {[%emt 0:00:20]} 25. Rfd1 {[%emt 0:01:57]} Re7 {[%emt 0:02:18]} 26. Qd2 {[%emt 0:02:05]} Qf6 {[%emt 0:03:44]} 27. Re1 {[%emt 0:00:50]} 1/2-1/2